000 00830nas a2200253 i 4500
001 173383
003 ES-MaACL
005 20250727063150.0
008 091130d1952 sp | | ||pa d
022 _a0423-8850
080 _a097
245 0 0 _aEx-libris :
_bpublicación de la Asociación de Ex-Libristas Ibéricos
260 _aMadrid :
_bAsociación de Ex-Libristas Ibéricos,
_c1952-
300 _a11 volúmenes :
_bilustraciones ;
_c24 cm
362 0 _aN. 1 (1952)-
650 7 _aExlibris
_2embne
_912630
655 7 _2tgfbne
_9226866
_aRevistas
710 2 _aAsociación de Ex-Libristas Ibéricos
_eisb
_9141669
852 _aES-MaACL
_cDEPO2
_jP-681
866 0 _oN. 2 1952 (falta n. 4)-n. 5-20 1961.
942 _2udc
_cPERIODICA
_n0
999 _c173383
_d173383